<?xml version="1.0" encoding="UTF-8"?>
<record
    xmlns:xsi="http://www.w3.org/2001/XMLSchema-instance"
    xsi:schemaLocation="http://www.loc.gov/MARC21/slim http://www.loc.gov/standards/marcxml/schema/MARC21slim.xsd"
    xmlns="http://www.loc.gov/MARC21/slim">

  <leader>00434cam a22001692a 4500</leader>
  <controlfield tag="001">  000436</controlfield>
  <controlfield tag="003">  AR-FADEU</controlfield>
  <controlfield tag="008">  311216n2012####xxu####################dd</controlfield>
  <datafield tag="100" ind1=" " ind2=" ">
    <subfield code="a">Bell, Jan</subfield>
  </datafield>
  <datafield tag="245" ind1=" " ind2=" ">
    <subfield code="a">Gold first : active book</subfield>
  </datafield>
  <datafield tag="260" ind1=" " ind2=" ">
    <subfield code="b">Pearson</subfield>
  </datafield>
  <datafield tag="260" ind1=" " ind2=" ">
    <subfield code="c">2012</subfield>
  </datafield>
  <datafield tag="546" ind1=" " ind2=" ">
    <subfield code="a">Ingles</subfield>
  </datafield>
  <datafield tag="500" ind1=" " ind2=" ">
    <subfield code="a">La Biblioteca posee ademas el libro de texto</subfield>
  </datafield>
  <datafield tag="650" ind1=" " ind2=" ">
    <subfield code="a">LENGUA INGLESA-ESTUDIO Y ENSE&#xD1;ANZA; EVALUACIONES</subfield>
  </datafield>
  <datafield tag="942" ind1=" " ind2=" ">
    <subfield code="c">MEDIA</subfield>
  </datafield>
  <datafield tag="999" ind1=" " ind2=" ">
    <subfield code="c">626</subfield>
    <subfield code="d">626</subfield>
  </datafield>
  <datafield tag="952" ind1=" " ind2=" ">
    <subfield code="0">0</subfield>
    <subfield code="1">0</subfield>
    <subfield code="4">0</subfield>
    <subfield code="7">0</subfield>
    <subfield code="a">AR-FADEU</subfield>
    <subfield code="b">AR-FADEU</subfield>
    <subfield code="d">2017-02-06</subfield>
    <subfield code="i">CD477</subfield>
    <subfield code="l">0</subfield>
    <subfield code="p">CD477</subfield>
    <subfield code="r">2017-02-06 00:00:00</subfield>
    <subfield code="w">2017-02-06</subfield>
    <subfield code="y">MEDIA</subfield>
  </datafield>
</record>
